000 00250nam a22001097a 4500
082 _a621 ENG'C
100 _aCOLLIER
_975589
245 _aBOOK 1 CIVIL AND MACHANICAL ENGINEERING
260 _aLONDON
_bMACMILLAN
_c1966
300 _a125P
942 _cBK
999 _c580984
_d580984